Vocabulary Click Quiz: Starting with G - Statistics

General Stats
  • This quiz has been taken 54 times
  • The average score is 15 of 20
Answer Stats
Hint Answer % Correct
Come to terms with grapple
91%
A very strong wind gale
86%
The origin or formation of something genesis
86%
A storehouse for grain or animal feed granary
86%
A thin porridge gruel
86%
Look with amazement gawk
84%
Free; costing nothing gratis
84%
Reproduce (a message, sound, or transmission) in a confused and distorted way garble
81%
Be pregnant with; have the idea for gestate
81%
Very thin especially from disease or cold gaunt
77%
The most powerful members of a society gentry
77%
An impression in a surface (as made by a blow) gouge
77%
Complain or object gripe
77%
Vigorous and enthusiastic enjoyment gusto
77%
Tastelessly showy garish
70%
Show submission or fear grovel
70%
Look angry or sullen glower
67%
Pompous or extravagant grandiloquent
67%
Elegance by virtue of fineness of manner and expression gentility
65%
Artfully persuasive in speech glib
40%
No matching quizzes found
Score Distribution
Percent of People with Each Score
Percentile by Number Answered
Your Score History
You have not taken this quiz